La administración Arias Sánchez frente al movimiento popular (2006-2010) /
La segunda llegada a la presidencia de la República del Dr. Oscar Arias Sánchez, en el año 2006, estuvo marcada por una profunda conflictividad social. Si bien Arias se consolidó como el "hombre fuerte" de las élites económicas, políticas y mediáticas en el país, logrando lo que las admini...
Guardat en:
| Autor principal: | |
|---|---|
| Format: | Text |
| Matèries: | |
| Etiquetes: |
Afegir etiqueta
Sense etiquetes, Sigues el primer a etiquetar aquest registre!
|
MARC
| LEADER | 00000 a a2200000 04500 | ||
|---|---|---|---|
| 001 | 41044 | ||
| 003 | |||
| 040 | |||
| 100 | |a Mora Solano, Sindy | ||
| 245 | |a La administración Arias Sánchez frente al movimiento popular (2006-2010) / |c Sindy Mora Solano | ||
| 520 | |a La segunda llegada a la presidencia de la República del Dr. Oscar Arias Sánchez, en el año 2006, estuvo marcada por una profunda conflictividad social. Si bien Arias se consolidó como el "hombre fuerte" de las élites económicas, políticas y mediáticas en el país, logrando lo que las administraciones previas no habían conseguido, en particular, las gestiones de Rodríguez Echeverría (1998-2002) y Pacheco de la Espriella (2002-2006), Arias concluyo su periodo presidencial con fuertes cuestionamientos lanzados por los actores del movimiento popular costarricense. | ||
| 590 | |a RRA/SETIEMBRE2012 | ||
| 650 | |a 1.CONFLICTOS SOCIALES | ||
| 650 | |a 2.MOVIMIENTOS SOCIALES | ||
| 650 | |a 3.PODER POLITICO | ||
| 650 | |a 4.GOBIERNO | ||
| 650 | |a 5.OSCAR ARIAS | ||
| 650 | |a 6.COSTA RICA | ||
| 773 | |g número6 ( , 2010), 21 páginas | ||
| 999 | |c 27850 |d 27850 | ||
